000 00725nam a2200289Ia 4500
005 20260324134353.0
008 008 260324s9999 xx 000 0 eng d
020 _a9780203164266
037 _aEBOOK
040 _aCRL
040 _beng
040 _cCRL
041 _2eng
041 _aeng
084 _qCRL
100 _aMichael L. Beeman
_91196559
245 0 _aPublic Policy and Economic Competition in Japan
245 0 _bChange and Continuity in Antimonopoly Policy, 1973-1995
260 _bTaylor and Francis
260 _c2002
365 _a
365 _b290
856 _uhttp://www.taylorfrancis.com/books/9780203164266
942 _cEBOOK
999 _c1796588
_d1796588